000 00377cam a2200157ua 4500
041 _aeng
_h
082 _a973
_bBRO/GR
100 _aBrooks, Emerson M .
245 _aGrowth of a nation /
_cEmerson M Brooks.
_hTextual Documents
250 _a1 /
_b.
260 _aUSA :
_bBrooks, Emerson M ,
_c1956.
300 _a320 ; .
504 _a
942 _cBK
999 _c133
_d133